French Verbs That Need "ÊTRE" in Passé Composé - Sudden Death - Statistics

General Stats
  • This quiz has been taken 173 times
  • The average score is 10 of 18
Answers on the Grid
Answers color-coded by a green-red scale on the quiz's grid according to % correct below.
devenir
mourir
monter
rester
venir
aller
arriver
entrer
sortir
partir
naître
tomber
rentrer
retourner
se laver
s'habiller
se souvenir
se coucher
rencontrer
laver
être
avoir
parler
apprendre
faire
 
Answer Stats
Answer % Correct
rentrer
67%
aller
66%
entrer
66%
mourir
62%
tomber
62%
venir
62%
partir
60%
retourner
60%
arriver
59%
devenir
59%
monter
59%
naître
59%
sortir
59%
rester
55%
se laver
47%
se coucher
43%
se souvenir
43%
s'habiller
41%
No matching quizzes found
Score Distribution
Percent of People with Each Score
Percentile by Number Answered
Your Score History
You have not taken this quiz